=LDR 00000nam 2200000 4500 =001 NUTBA000000000003345 =005 20140814155934.0 =006 =007 =008 =035 ##$$0010-081400000000190 =040 ##$$a NBPDMAT =082 ##$$a 372.7 =090 ##$$a 372.7 $b Tim p =100 ##$$a Tim Kreatif Guru =245 ##$$a Pintar berhitung / $c Tim Kreatif guru =260 ##$$a [S.l] : Pustaka Agung Harapan, $c [s.a] =300 ##$$a 32 hlm. : $b ilus. ; $c 27 cm. =650 ##$$a Matematika-TK =990 ##$$a 21405722 =990 ##$$a 0001/BPAP-NTB/20142015